Cuentos de Fray Mocho

Spremljeno u:
Bibliografski detalji
Glavni autor: Alvarez, José
Format: Knjiga
Jezik:Undetermined
Izdano: Buenos Aires, Argentina Sopena 1939
Teme:
Oznake: Dodaj oznaku
Bez oznaka, Budi prvi tko označuje ovaj zapis!

MARC

LEADER 00000nam a2200000Ia 4500
008 170316s9999 xx 000 0 und d
040 |a cru BVZT 
090 |a 860 A-15c 
100 |a Alvarez, José  |9 1012 
245 |a Cuentos de Fray Mocho  |c / José Alvarez 
260 |a Buenos Aires, Argentina  |b Sopena  |c 1939 
300 |a 173 páginas 
650 |a LITERATURA LATINOAMERICANA  |9 15 
999 |c 8303  |d 8303 
942 |c 15 D  |h 860 A-15c  |2 z